000 01344cam a22003131 4500
001 suicideofwestess00burn
003 CaSfIA
005 20210119085359.0
007 cr||||
008 720719s1964 nyu 001 0 eng
035 _9(DLC) 64014211
856 4 1 _uhttp://www.archive.org/details/suicideofwestess00burn
_zFree eBook from the Internet Archive
856 4 2 _uhttp://www.openlibrary.org/books/OL5912348M
_zAdditional information and access via Open Library
010 _a 64014211
035 _a(OCoLC)359839
040 _aDLC
_cOAU
_dOCoLC
_dDLC
_dCaSfIA
043 _an-us---
050 0 0 _aJK271
_b.B728
082 _a323.40973
100 1 _aBurnham, James,
_d1905-1987.
245 1 0 _aSuicide of the West;
_h[electronic resource]
_ban essay on the meaning and destiny of liberalism.
260 _aNew York,
_bJohn Day Co.
_c[1964]
300 _a312 p.
_c22 cm.
650 0 _aLiberalism
_zUnited States.
651 0 _aUnited States
_xPolitics and government
_y20th century.
942 _cEB
506 _fНеобхідна авторизація на https://archive.org/ (створення облікового запису безкоштовно)
506 _fНеобхідна авторизація на https://openlibrary.org/ (створення облікового запису безкоштовно)
999 _c553867
_d553867